| 000 | 01749nam a22003977a 4500 | ||
|---|---|---|---|
| 003 | CHAP | ||
| 005 | 20220329140331.0 | ||
| 008 | 971013s r 00010 d | ||
| 010 | _a50542 | ||
| 011 | _a51514 | ||
| 035 | _a55664 | ||
| 040 | _cCHAP | ||
| 082 |
_a338.9723 _bP5 |
||
| 245 | _aPlan Agrícola Jalisco | ||
| 260 |
_a(s.l.) : _bComité de Planeación Agropecuaria del Estado de Jalisco, _c19 - |
||
| 300 |
_av. _b: ilus. ; mapas ; gráfs. |
||
| 500 | _aLa biblioteca tiene: 1961, 1966, 1968, 1970, 1971 | ||
| 590 |
_aBATCH-UPD _b10 _c20130110 _lUCH01 _h0700 |
||
| 590 |
_aBATCH-UPD _b10 _c20130410 _lUCH01 _h0345 |
||
| 590 |
_aBATCH-UPD _b10 _c20130914 _lUCH01 _h1017 |
||
| 590 |
_aCONVERSION _b10 _c20130109 _lUCH01 _h1327 |
||
| 650 | 1 | 4 |
_aAgricultura _xJalisco. _91714 |
| 650 | 1 | 4 |
_aPolítica agrícola _xJalisco. _990330 |
| 710 | 0 |
_aComisión de Planeación Agropecuaria del Estado de Jalisco. Guadalajara, Jal. _925686 |
|
| 901 | _aBK | ||
| 942 | _cLIBRO | ||
| 949 |
_a338.9723 P5 _bBC _cLIBRO _d33724000403382 _eLIBRO _f1970 _h44264 _i55664 _si |
||
| 949 |
_a338.9723 P5 _bBC _cLIBRO _d33724000403564 _eLIBRO _f1971 _h44265 _i55664 _si |
||
| 949 |
_a338.9723 P5 _bBC _cLIBRO _d33724000403689 _eLIBRO _f1968 c.3 _h33957 _i55664 _si |
||
| 949 |
_a338.9723 P5 _bBC _cLIBRO _d33724000409116 _eLIBRO _f1966 _h44260 _i55664 _si |
||
| 949 |
_a338.9723 P5 _bBC _cLIBRO _d33724000409165 _eLIBRO _f1966 c.2 _h44261 _i55664 _si |
||
| 949 |
_a338.9723 P5 _bBC _cLIBRO _d33724000409173 _eLIBRO _f1968 _h33956 _i55664 _si |
||
| 949 |
_a338.9723 P5 _bBC _cLIBRO _d33724000409181 _eLIBRO _f1961 _h44259 _i55664 _mD _si |
||
| 949 |
_a338.9723 P5 _bBC _cLIBRO _d33724000409199 _eLIBRO _f1968 c.2 _h44263 _i55664 _si |
||
| 949 |
_a338.9723 P5 _bBC _cLIBRO _d33724000409215 _eLIBRO _f1966 c.3 _h44262 _i55664 _si |
||
| 999 |
_c50542 _d50542 |
||